Moca en su tiempo / (Registro nro. 8059)

Detalles MARC
000 -LIDER
fixed length control field 00969nam a2200289 u 4500
001 - NÚMERO DE CONTROL
Identificador de número de control 000002206
003 - IDENTIFICACDOR DE NÚMERO DE CONTROL
control field DO-SdBNP
005 - DATE AND TIME OF LATEST TRANSACTION
control field 20171013113101.0
007 - CAMPOS FIJOS DE DESCRIPCIÓN FÍSICA
fixed length control field 000002206
008 - ELEMENTOS DE LONGITUD FIJA
fixed length control field 090701s2007 dr a r 000 0 spa d
020 ## - ISBN
International Standard Book Number 9789945408126
040 ## - FUENTE DE CATALOGACIÓN
Agencia que crea de manera original el registro BPMSU
Idioma de catalogación spa
Agencia que realiza la transcripción BPMSU
082 #4 - NÚMERO DE CLASIFICACIÓN DECIMAL DE DEWEY
Edition number
Classification number 972.9362
Item number C958m
100 1# - ASIENTO PRINCIPAL -- NOMBRE PERSONAL
Nombre personal Cruz Infante, José Abigaíl
245 10 - MENCIÓN DE TITULO
Título Moca en su tiempo /
Subtítulo José Abigaíl Cruz Infante.
260 ## - PUBLICACIÓN, DISTRIBUCIÓN, ETC. (PIE DE IMPRENTA)
Lugar de publicación, distribución, etc Santo Domingo :
Nombre del editor, distribuidor, etc. Letra Gráfica,
Fecha de publicación, distribución, etc 2007.
300 ## - DESCRIPCIÓN FÍSICA
Extensión 199 p :
Otros detalles físicos il ;
Dimensiones 23cm.
500 ## - NOTA GENERAL
Nota general Contiene datos biográficos del autor en la solapa
650 #4 - ENCABEZAMIENTO DE MATERIA--TEMÁTICO
Término temático o nombre geográfico como elemento de entrada CIUDADES Y PUEBLOS
Subdivisión geográfica REPÚBLICA DOMINICANA
651 #4 - ENCABEZAMIENTO DE MATERIA--NOMBRE GEOGRÁFICO
Nombre geográfico MOCA (REPÚBLICA DOMINICANA)
Subdivisión temática general HISTORIA LOCAL
651 #4 - ENCABEZAMIENTO DE MATERIA--NOMBRE GEOGRÁFICO
Nombre geográfico MOCA (REPÚBLICA DOMINICANA)
Subdivisión temática general VIDA SOCIAL Y CONSTUMBRES
700 1# - ASIENTO SECUNDARIO -- NOMBRE PERSONAL
Nombre personal Bencosme Báez, Darío
Mención de responsabilidad ed.
910 ## - VALIDACIÓN
Validación Validado. Control de calidad BNPHU
942 ## - ADDED ENTRY ELEMENTS (KOHA)
Source of classification or shelving scheme Dewey Decimal Classification
Koha item type Libros
945 ## - INFORMACIÓN DE PROCESAMIENTO LOCAL
Información de procesamiento local Inventario / 2017 VM
956 ## - LOCAL ELECTRONIC LOCATION AND ACCESS (OCLC)
Nombre de host VMATEO
Número de acceso 10
Información de compresión 20150803
Inicio de sesión BPMSU
Procesador de solicitud 00151
Existencias
Withdrawn status Lost status Source of classification or shelving scheme Damaged status Not for loan Home library Current library Date acquired Source of acquisition Total Checkouts Full call number Barcode Date last seen Price effective from Koha item type
    Dewey Decimal Classification     Biblioteca Pública Metropolitana Salomé Ureña Biblioteca Pública Metropolitana Salomé Ureña 08/03/2015 Canje   972.9362 C957m BPMSU15100040 08/03/2015 08/03/2015 Libros